Finaliści Ligi Misztrzów - Statystyki

Ogólne statystyki
  • Ten quiz został rozwiązany 457 razy
  • Średni wynik to 17 z 21
Statystyki odpowiedzi
Państwa Kluby % Poprawnych
Hiszpania Real Madryt
97%
Anglia Manchester United
93%
Francja Psg
92%
Niemcy Bayer Leverkusen
91%
Hiszpania FC Barcelona
91%
Anglia Manchester City
91%
Włochy Juventus
90%
Włochy Inter Mediolan
89%
Anglia Liverpool
89%
Anglia Chelsea
87%
Holandia Ajax
86%
Niemcy Borussia Dortmund
86%
Włochy Milan
84%
Hiszpania Atletico Madryt
82%
Niemcy Bayern Monachium
82%
Anglia Arsenal
81%
Portugalia Porto
79%
Anglia Tottenham
74%
Francja Marsylia
61%
Hiszpania Valencia
59%
Francja As Monaco
43%
Nie znaleziono quizów pasujących do podanych kryteriów
Rozkład punktacji
Procent ludzi z każdym wynikiem
Percentyl według liczby udzielonych odpowiedzi
Twoja historia wyników
Nie rozwiązałeś tego quizu